000 00471cam a22001934a 4500
005 20250605164325.0
008 250528s ||||||||||||||||||||||||d
035 _a23009
020 _a9780091780227
040 _aGR-AtMCL
_bgre
_dGR-AtMCL
_eAACR2
245 1 _aTHE EMPTY RAINCOAT / MAKING SENSE OF THE FUTURE
250 _a1
260 _bHutchinson,
_c1994
300 _a280
700 1 _aHandy Charles
_9681
942 _cBK
999 _c8050
_d8050